Normal view
MARC view
Entry Corporate Name
001 - CONTROL NUMBER
- control field: 1620004
003 - CONTROL NUMBER IDENTIFIER
- control field: NLI
005 - DATE AND TIME OF LATEST TRANSACTION
- control field: 20250619141607.0
008 - FIXED-LENGTH DATA ELEMENTS
- fixed length control field: 250619|| aca||aabn | a|a d
040 ## - CATALOGING SOURCE
- Original cataloging agency: NLI
- Transcribing agency: NLI
110 ## - HEADING--CORPORATE NAME
- Corporate name or jurisdiction name as entry element: Dhaara
670 ## - SOURCE DATA FOUND
- Source citation: Work cat.: (NLI)1374057: 1308599, Dhaara's practice papers for SSC-CGL (Combined graduate level) tier I for online examination /, 2017
